| 000 | 00568nam a2200217 a 4500 | ||
|---|---|---|---|
| 005 | 20210219152954.0 | ||
| 008 | 991125n 000 0 u | ||
| 035 | _aUPN01000069980 | ||
| 100 | _aDial, Jackie | ||
| 222 | _aJOURNAL OF CREATIVE BEHAVIOR | ||
| 245 | _aCreativity 101 : let's legislate it | ||
| 300 | _a241-243 | ||
| 362 | _a25, No. 3, 1991 | ||
| 505 | _aJunio 1992 | ||
| 653 | 0 | _aCREATIVIDAD | |
| 653 | 0 | _aDESARROLLO CREATIVO | |
| 653 | 0 | _aPROCESOS COGNITIVOS | |
| 653 | 0 | _aRAZONAMIENTO ABSTRACTO | |
| 904 |
_aAC _b007791 |
||
| 905 | _aArticulo | ||
| 999 |
_c65193 _d65193 |
||